Statistics for Tracks on Albums #7: Thriller

Click here to take the quiz!

General Stats

  • This quiz has been taken 34 times
  • The average score is 5 of 9

Answer Stats

Track No.Answer% Correct
4Thriller
100%
6Billie Jean
87%
5Beat It
81%
8P.Y.T. (Pretty Young Thing)
58%
3The Girl Is Mine
55%
7Human Nature
52%
1Wanna Be Startin' Somethin'
45%
2Baby Be Mine
35%
9The Lady in My Life
35%

Score Distribution

Percentile by Number Answered

Percent of People with Each Score

Your Score History

You have not taken this quiz